01086nam a22002537a 4500999001500000003000900015008004100024040007100065082001700136100002300153245006800176260006000244300002600304505011800330650002400448650002500472650002600497700003200523700005600555710009800611942001600709945000800725952009900733 c9209d9209AR-CdUCM190327b ||||| |||| 00| 0 spa d aMUNICIPALIDAD PROVINCIAL DEL CUSCOcBIBLIOTECA MUNICIPAL DEL CUSCO a300.1 /bR77 aRogers, Everett M. aLa Comunicación de Innovaciones :bUn Enfoque Transcultural / aMéxico :bHerrero Hermanos, Sucesores S. .A. ;c1962. a385 páginas ;c24cm aContenido: El agua hervida en un pueblo peruano -- Cambio social -- Elementos de la difusión de innovaciones... aCambio social95168 aInnovación 925275 aComunicación 94985 aFloyd Shoemaker, F. 925276 aVinós Cruz-López, Ricardo (traducción)922912 aCentro Regional de Ayuda Técnica - Agencia para el Desarrollo Internacional (A.I.D.)922328 2ddccLIBROS anom 002ddc4070aSHbSHcCARTd2019-03-27g60.00o079.856 / P13pSH0000009871r2019-03-27yLIBROS